| 000 | 00514nam a2200181Ia 4500 | ||
|---|---|---|---|
| 003 | OSt | ||
| 005 | 20260114152723.0 | ||
| 008 | 210210b1942 xxu||||| |||| 00| 0 eng d | ||
| 040 | _cAL | ||
| 041 | _aKannada | ||
| 082 | _a859/930 | ||
| 100 |
_aNARENDRABABU (M) _9145497 _dನರೇಂದ್ರಬಾಬು (ಎಂ). |
||
| 245 |
_aNalkaneya mane: _bನಾಲ್ಕನೆಯ ಮನೆ |
||
| 260 |
_aMaisuru _bUsha Sahitya Male., _c1942 |
||
| 690 |
_aKannada Fiction _9145498 |
||
| 906 | _a021680 | ||
| 942 |
_2ddc _cBK |
||
| 999 |
_c145776 _d145776 |
||